书目信息 |
| 题名: |
论逻辑规律
|
|
| 作者: | 马特 著 | |
| 分册: | ||
| 出版信息: | 北京 北京师范大学出版社 1984 |
|
| 页数: | 118页 | |
| 开本: | 21cm | |
| 丛书名: | ||
| 单 册: | ||
| 中图分类: | B812.1 | |
| 科图分类: | ||
| 主题词: | 形式逻辑的基本规律 , DISPLAY逻辑 | |
| 电子资源: | ||
| ISBN: | ||
| 000 | 00646nam0 2200241 45 | |
| 001 | 0184010657 | |
| 005 | 20060104154107.35 | |
| 010 | @dCNY0.60 | |
| 091 | @a3243.1 | |
| 100 | @a19950524d1984 em y0chiy0121 ea | |
| 101 | 0 | @achi |
| 102 | @aCN@b110000 | |
| 105 | @ay z 000yy | |
| 200 | 10 | @a论逻辑规律@Alun luo ji gui lv@f马特著@Fma te zhu |
| 210 | @a北京@c北京师范大学出版社@d1984 | |
| 215 | @a118页@d21cm | |
| 606 | @a形式逻辑的基本规律 | |
| 606 | 0 | @aDISPLAY逻辑 |
| 690 | @aB812.1 | |
| 701 | 0 | @a马特@Ama te@4著 |
| 801 | 2 | @aCN@bNLC@c20060104 |
| 801 | 0 | @aCN@b上海图书馆@c20040421 |
| 905 | @f2@b109865-866@f2@b109527-528@dB812.1@e59 | |
| 论逻辑规律/马特著.-北京:北京师范大学出版社,1984 |
| 118页;21cm |
| ISBN :CNY0.60 |
| ● |
| 相关链接 |
|
|
|
|
正题名:论逻辑规律
索取号:B812.1/59
 
预约/预借
| 序号 | 登录号 | 条形码 | 馆藏地/架位号 | 状态 | 备注 |
| 1 | 0109527 | 000513787 | 密集书库/ [索取号:B812.1/59] | 在馆 | |
| 2 | 0109528 | 000513803 | 密集书库/ [索取号:B812.1/59] | 在馆 | |
| 3 | 0109865 | 000513812 | 密集书库/ [索取号:B812.1/59] | 在馆 | |
| 4 | 0109866 | 000513821 | 第一样本阅览室/ [索取号:B812.1/59] | 在馆 | |
| 5 | 0109867 | 202184901 | 密集书库/ [索取号:B812.1/59] | 在馆 |